Bebida a país - Estadísticas

Estadísticas generales
  • Esta prueba ha sido intentada 415 veces
  • La puntuación promedio es 7 de 12
Estadísticas de respuestas
Hint Respuesta % Correcto
Mate Argentina
90%
Tequila México
88%
Sangría España
82%
Tinto de verano España
78%
Inca Kola Perú
72%
Fernet con coca Argentina
63%
Cava España
61%
Mojito Cuba
49%
Pisco sour Perú
45%
Margarita México
42%
Chocolate Santafereño Colombia
34%
Mamajuana República Dominicana
33%
No se encontraron pruebas coincidentes
Distribución de puntuación
Porcentaje de gente con cada puntuación
Porcentaje por número respondido
Historial de tus puntuaciones
No has intentado esta prueba.